|
|
|
|
| LEADER |
01320nam a2200265 i 4500 |
| 001 |
10108581 |
| 003 |
GR-PaULI |
| 005 |
20240226124057.0 |
| 008 |
130222t2019 gr aef gre d |
| 952 |
|
|
|0 0
|1 0
|2 ddc
|4 0
|6 333_880000000000000_ΦΥΤ
|7 0
|9 328930
|a LISP
|b LISP
|c BSC
|d 2021-09-28
|i 152633
|l 0
|o 333.88 ΦΥΤ
|p 025000284495
|r 2021-09-28 00:00:00
|t 1
|w 2021-09-28
|y BK15
|
| 999 |
|
|
|c 184224
|d 184224
|
| 020 |
|
|
|a 9789604180196
|
| 040 |
|
|
|a GR-PaULI
|b gre
|c GR-PaULI
|e AACR2
|
| 082 |
0 |
4 |
|a 333.88
|2 23
|
| 100 |
1 |
|
|a Φυτίκας, Μιχάλης Δ.
|9 45683
|e συγγραφέας.
|
| 245 |
1 |
0 |
|a Γεωθερμία /
|c Μιχάλης Δ. Φυτίκας, Νικόλαος Β. Ανδρίτσος.
|
| 246 |
1 |
|
|i Τίτλος εξωφύλλου :
|a Γεωθερμία :
|b γεωθερμικοί πόροι, γεωθερμικά ρευστά, εφαρμογές, περιβάλλον
|
| 260 |
|
|
|a Θεσσαλονίκη :
|b Τζιόλας,
|c c2019.
|
| 300 |
|
|
|a 416 σ. :
|b εικ. ;
|c 25 εκ.
|
| 504 |
|
|
|a Περιλαμβάνει βιβλιογραφία και ευρετήριo.
|
| 650 |
|
4 |
|a Γεωθερμική ενέργεια
|9 20341
|
| 650 |
|
4 |
|a Φυσικοί πόροι
|9 16145
|
| 700 |
1 |
|
|a Ανδρίτσος, Νικόλαος Β.
|e συγγραφέας.
|9 131046
|
| 942 |
|
|
|2 ddc
|c BK15
|
| 998 |
|
|
|c ΛΟΤΣΑΡΗ
|d 2021-09
|